Rozpoznaj państwa po zdjęciu granicy. - Statystyki

Ogólne statystyki
  • Ten quiz został rozwiązany 9 razy
  • Średni wynik to 37 z 62
Statystyki odpowiedzi
Obrazkowy Odpowiedź % Poprawnych
Armenia
100%
Brazylia
100%
Bułgaria
100%
Gruzja
100%
Gujana
100%
Kazachstan
100%
Nepal
100%
Nikaragua
100%
Rosja
100%
RPA
100%
Turcja
100%
Urugwaj
100%
Chile
86%
Grecja
86%
Honduras
86%
Indie
86%
Surinam
86%
Wietnam
86%
Botswana
71%
Brazylia
71%
El Salvador
71%
Finlandia
71%
Grecja
71%
Indie
71%
Kazachstan
71%
Kostaryka
71%
Laos
71%
Pakistan
71%
Rosja
71%
Uzbekistan
71%
Argentyna
57%
Bhutan
57%
Boliwia
57%
Chile
57%
Indie
57%
Jemen
57%
Kirgistan
57%
Mjanma
57%
Mongolia
57%
Oman
57%
Paragwaj
57%
Rosja
57%
Tadżykistan
57%
Tajlandia
57%
Kenia
43%
Rumunia
43%
Serbia
43%
Tanzania
43%
Ekwador
29%
Kolumbia
29%
Azerbejdżan
14%
Czarnogóra
14%
Indonezja
14%
Papua-Nowa Gwinea
14%
Serbia
14%
Albania
0%
Armenia
0%
Brunei
0%
Chorwacja
0%
Macedonia Północna
0%
Malezja
0%
Słowenia
0%
Nie znaleziono quizów pasujących do podanych kryteriów
Rozkład punktacji
Procent ludzi z każdym wynikiem
Percentyl według liczby udzielonych odpowiedzi
Twoja historia wyników
Nie rozwiązałeś tego quizu